A tiger's heart /

Bewaard in:
Bibliografische gegevens
Hoofdauteur: Douglas, Lauren Wright
Formaat: Boek
Taal:Engels
Gepubliceerd in: Tallahassee : Naiad, 1992
Tags: Voeg label toe
Geen labels, Wees de eerste die dit record labelt!

MARC

LEADER 00000nam a22000007i 4500
001 IT\ICCU\UBO\4879612
003 ItRI
005 20260115231834.0
008 250520s1999 xxu|||||| ||||| |||||c
020 |a 1562800183 
040 |b ita  |c importazione bologna sebina 
041 7 |a eng  |2 ISO-639-2 
100 1 |a Douglas, Lauren Wright  |0 IT\ICCU\UBOV\432382 
240 1 2 |a A tiger's heart  |3 IT\ICCU\UBO\4879613  |9 Douglas, Lauren Wright 
245 1 2 |a A tiger's heart /  |c Lauren Wright Douglas. 
260 |a Tallahassee :  |b Naiad,  |c 1992 
300 |a 217 p. ;  |c 22 cm 
942 |2 ddc  |c BK  |n 0 
952 |0 0  |1 0  |4 0  |6 L_813_540000000000000_DOU  |7 0  |9 13942  |a BO  |b BO  |d 2026-01-15  |i 18199  |l 0  |o L 813.54 DOU  |p BO18199  |r 2026-01-15 23:18:34  |w 2026-01-15  |x [Sebina 5] [1 v.]  |y BK  |z 1 v. 
999 |c 12002  |d 12002